书目信息 |
| 题名: |
快乐生活有绝招
|
|
| 作者: | 于跃 编著 | |
| 分册: | ||
| 出版信息: | 北京 中国致公出版社 2009 |
|
| 页数: | 20,312页 | |
| 开本: | 24cm | |
| 丛书名: | ||
| 单 册: | ||
| 中图分类: | TS976.3 | |
| 科图分类: | ||
| 主题词: | 家庭生活--基本知识 , 家庭生活 | |
| 电子资源: | ||
| ISBN: | 978-7-80179-764-3 | |
| 000 | 00813nam0 2200253 45 | |
| 001 | 1029979218 | |
| 005 | 20100429095334.85 | |
| 010 | @a978-7-80179-764-3@dCNY35.00 | |
| 100 | @a20100420d2009 em y0chiy50 ea | |
| 101 | 0 | @achi |
| 102 | @aCN@b110000 | |
| 105 | @ay z 000yy | |
| 106 | @ar | |
| 200 | 1 | @a快乐生活有绝招@AKuai Le Sheng Huo You Jue Zhao@f于跃编著@FYu Yue Bian Zhu |
| 210 | @a北京@c中国致公出版社@d2009 | |
| 215 | @a20,312页@d24cm | |
| 300 | @a经典珍藏 | |
| 330 | @a本书内容丰富详尽,新颖实用,贴近生活,语言通俗易懂,查阅方便,内容包括食品选购、加工烹饪、贮存保鲜、饮食禁忌、衣装选购、洗涤保养等。 | |
| 606 | 0 | @a家庭生活@x基本知识 |
| 606 | 0 | @a家庭生活 |
| 690 | @aTS976.3@v4 | |
| 701 | 0 | @a于跃@AYu Yue@4编著 |
| 801 | 0 | @aCN@bTANGWEI@c20100429 |
| 905 | @b0595216-20@dTS976.3@e295@f5 | |
| 快乐生活有绝招/于跃编著.-北京:中国致公出版社,2009 |
| 20,312页;24cm |
| 经典珍藏 |
| ISBN 978-7-80179-764-3:CNY35.00 |
| 本书内容丰富详尽,新颖实用,贴近生活,语言通俗易懂,查阅方便,内容包括食品选购、加工烹饪、贮存保鲜、饮食禁忌、衣装选购、洗涤保养等。 |
| ● |
| 相关链接 |
|
|
|
|
正题名:快乐生活有绝招
索取号:TS976.3/295
 
预约/预借
| 序号 | 登录号 | 条形码 | 馆藏地/架位号 | 状态 | 备注 |
| 1 | 0595216 | 205952165 | 第二样本阅览室/ [索取号:TS976.3/295] | 在馆 | |
| 2 | 0595217 | 205952174 | 第三借阅区/ [索取号:TS976.3/295] | 在馆 | |
| 3 | 0595218 | 205952183 | 第三借阅区/ [索取号:TS976.3/295] | 在馆 | |
| 4 | 0595219 | 205952192 | 第三借阅区/ [索取号:TS976.3/295] | 在馆 | |
| 5 | 0595220 | 205952209 | 第三借阅区/ [索取号:TS976.3/295] | 在馆 |